| 000 | 01230nam a22002897a 4500 | ||
|---|---|---|---|
| 005 | 20130102102910.0 | ||
| 008 | 121226t xxu||||| |||| 00| 0 hin d | ||
| 010 | _aHIN-97837 | ||
| 020 |
_c200.00 _a9789380823614 |
||
| 035 | _aHN-70183 | ||
| 037 | _bDBAD / PUB | ||
| 040 |
_aDPL _bHN |
||
| 082 | _a658.85 | ||
| 100 |
_927482 _aगज्जर, संदीप |
||
| 245 |
_aद ग्रेट (The Great) सेल्समैनः _cसंदीप गज्जर _bNo. I Salesman बनें / |
||
| 246 |
_aThe Great Salesman _bby Sandeep Gajjar |
||
| 260 |
_bप्रतिभा प्रतिष्ठान _c2012 _aनई दिल्ली |
||
| 270 |
_a1661, दखनीराय स्ट्रीट, नेताजी सुभाष मार्ग _bनई दिल्ली _e110002 |
||
| 300 | 1 |
_a144पृ. _c22सेमी (सजिल्द) |
|
| 650 | _91170 | ||
| 650 | _954593 | ||
| 700 | _927483 | ||
| 710 | _952094 | ||
| 711 | _952444 | ||
| 942 |
_adpl _cHN _2ddc _mगज्जर _h658.85 |
||
| 999 |
_c72577 _d72577 |
||